00787nam a2200253 4500003000400000005001700004008004100021020001500062040001800077041000800095050001600103100002500119245012100144264004500265300005600310336002200366337002400388338002400412650001500436650002400451700002700475942001400502999001700516OSt20260601193839.0260506b20022006US ||||| |||| 00| 0 eng d a0750655542 aICIbSPAcICI aENG aTS171bA743 1aAshby, M. F.,eautor 1a Materials and design : bthe art and science of material selection in product design /cMike Ashby and Kara Johnson aOxford : bButterworth-Heinemann,c 2002 a 336 páginas :bhojas (algunas a color), retratos atexto2rdacontent asin medio2rdamedia avolumen2rdacarrier 4aMateriales 4aDiseño industrial aJohnson, Kara,e autor 2lcccBn1 c21370d21370